| 000 | 00666nam a2200217Ia 4500 | ||
|---|---|---|---|
| 003 | OSt | ||
| 005 | 20251009114009.0 | ||
| 008 | 220923b |||||||| |||| 00| 0 eng d | ||
| 037 | _cReference | ||
| 040 |
_aRTL _cRTL _beng |
||
| 041 |
_2eng _aeng |
||
| 084 |
_aX:3M24xM18 K3/SC _qRTL |
||
| 100 |
_aBerlin, Isaiah _920140 |
||
| 245 | 0 | _aKarl Marx: His life and environment | |
| 250 | _a3rd | ||
| 260 |
_aLondon _bOxford University Press _c1963 |
||
| 300 |
_a295 p. _bIncludes bibliographical reference and index |
||
| 650 |
_aKarl Marx biography _9847827 |
||
| 942 |
_hX:3M24xM18 K3/SC _cREF _2CC _n0 |
||
| 999 |
_c575900 _d575900 |
||